[Event "Titled Tuesday intern op 01st Aug Early"]
[Site "Chess.com INT"]
[Date "2023.08.01"]
[Round "6"]
[White "Gauri, Shankar"]
[Black "Preotu, Razvan"]
[Result "1/2-1/2"]
[WhiteElo "2351"]
[BlackElo "2475"]
[PlyCount "161"]
[EventDate "2023.08.01"]
[EventType "swiss (blitz)"]
[EventRounds "11"]
[EventCountry "USA"]
[SourceTitle "EXT 2024"]
[Source "ChessBase"]
[SourceDate "2023.10.10"]
[SourceVersion "1"]
[SourceVersionDate "2023.10.10"]
[SourceQuality "1"]

1. e4 c5 2. Nf3 d6 3. Bb5+ Nd7 4. 0-0 a6 5. Bd3 Ngf6 6. Re1 e6 7. c3 b5 8. Bc2 Bb7 9. d4 Be7 10. Nbd2 Qc7 11. Bd3 0-0 12. a4 cxd4 13. cxd4 b4 14. Nb3 a5 15. Bg5 Ba6 16. Rc1 Qb6 17. Bb1 h6 18. Bh4 Rfd8 19. h3 Nf8 20. Qd2 Ng6 21. Bg3 e5 22. Red1 Nh5 23. Bh2 Nhf4 24. Bxf4 Nxf4 25. Kh2 Bf6 26. d5 Rac8 27. g3 Ng6 28. Kg2 Nf8 29. Qe3 Qxe3 30. fxe3 Ra8 31. Kf2 Nd7 32. Nxa5 Be2 33. Kxe2 Rxa5 34. b3 Nc5 35. Bc2 g6 36. Ne1 Rc8 37. Nd3 Nxd3 38. Bxd3 Rac5 39. Rc4 Rxc4 40. Bxc4 Bd8 41. Rc1 Ba5 42. Kd2 Kf8 43. Rf1 Ke7 44. g4 Bb6 45. Kd3 Rc7 46. Rc1 Rc8 47. Rc2 Rc7 48. Ra2 Ra7 49. Rc2 Rc7 50. Ke2 Rc8 51. Bd3 Rxc2+ 52. Bxc2 Kd8 53. Kd3 Kc7 54. Kc4 Bc5 55. Kb5 Kb7 56. Bd3 g5 57. Be2 Kc7 58. Ka6 f6 59. Kb5 Kb7 60. Bd3 Kc7 61. a5 Kb7 62. a6+ Kc7 63. Ka4 Kb6 64. Be2 Kc7 65. Kb5 Bxe3 66. Kxb4 Kb6 67. Kc4 Kxa6 68. Kb4+ Kb6 69. Kc4 Bf4 70. b4 Bg3 71. Kb3 Bh4 72. Ka4 Bg3 73. Bb5 Bh4 74. Bd7 Bg3 75. Bf5 Bh4 76. Kb3 Bg3 77. Kc4 Bh4 78. Bg6 Bg3 79. Bf5 Bh4 80. Bg6 Bg3 81. Bf5 1/2-1/2

[Event "Titled Tuesday intern op 28th Feb Early"]
[Site "Chess.com INT"]
[Date "2023.02.28"]
[Round "1"]
[White "Gauri, Shankar"]
[Black "Manon Og, Ramon Jr"]
[Result "1-0"]
[WhiteElo "2322"]
[BlackElo "1999"]
[PlyCount "53"]
[EventDate "2023.02.28"]
[EventType "swiss (blitz)"]
[EventRounds "11"]
[EventCountry "USA"]
[SourceTitle "CBM 213 Extra"]
[Source "ChessBase"]
[SourceDate "2023.05.31"]
[SourceVersion "1"]
[SourceVersionDate "2023.05.31"]
[SourceQuality "1"]

1. d4 Nf6 2. Nf3 g6 3. Nbd2 d5 4. b4 Bg7 5. e3 0-0 6. c4 c6 7. a4 a6 8. Bb2 Nbd7 9. Be2 Re8 10. 0-0 Nf8 11. Qb3 e6 12. b5 dxc4 13. Nxc4 cxb5 14. axb5 Qd5 15. Nfe5 axb5 16. Rxa8 bxc4 17. Qxc4 Qe4 18. Bf3 Qh4 19. Rxc8 b5 20. Qc6 Rxc8 21. Qxc8 g5 22. g3 Qh3 23. Qb7 g4 24. Qxf7+ Kh8 25. Bg2 Qh6 26. d5 exd5 27. Nxg4 1-0

[Event "Robert Byrne Memorial GM"]
[Site "Naperville"]
[Date "2023.01.20"]
[Round "5"]
[White "Stearman, Josiah P"]
[Black "Gauri, Shankar"]
[Result "1/2-1/2"]
[WhiteElo "2360"]
[BlackElo "2307"]
[PlyCount "66"]
[EventDate "2023.01.18"]
[EventType "tourn"]
[EventRounds "9"]
[EventCountry "USA"]
[EventCategory "7"]
[SourceTitle "CBM 212 Extra"]
[Source "ChessBase"]
[SourceDate "2023.03.31"]
[SourceVersion "1"]
[SourceVersionDate "2023.03.31"]
[SourceQuality "1"]

1. d4 Nf6 2. c4 e6 3. Nf3 Bb4+ 4. Nbd2 d5 5. Qa4+ Nc6 6. Ne5 Bd7 7. Nxd7 Qxd7 8. e3 Ne4 9. cxd5 Qxd5 10. Qb5 0-0-0 11. Qxd5 Rxd5 12. Bd3 Nxd2 13. Bxd2 Bxd2+ 14. Kxd2 e5 15. Bf5+ Kb8 16. Be4 Rd6 17. Bxc6 bxc6 18. Kc3 Rhd8 19. dxe5 Rd3+ 20. Kb4 Rd2 21. Rhf1 Rxb2+ 22. Kc3 Rbd2 23. a4 a5 24. Rac1 R8d5 25. Kb3 Kb7 26. f4 Rxg2 27. Rg1 Rdd2 28. Kc3 g6 29. Rxg2 Rxg2 30. Rc2 Rg1 31. Rf2 Ra1 32. f5 gxf5 33. Rxf5 Ra3+ 1/2-1/2

[Event "Robert Byrne Memorial GM"]
[Site "Naperville"]
[Date "2023.01.19"]
[Round "2"]
[White "Aarav, Dengla"]
[Black "Gauri, Shankar"]
[Result "1/2-1/2"]
[WhiteElo "2377"]
[BlackElo "2307"]
[PlyCount "46"]
[EventDate "2023.01.18"]
[EventType "tourn"]
[EventRounds "9"]
[EventCountry "USA"]
[EventCategory "7"]
[SourceTitle "CBM 212 Extra"]
[Source "ChessBase"]
[SourceDate "2023.03.31"]
[SourceVersion "1"]
[SourceVersionDate "2023.03.31"]
[SourceQuality "1"]

1. e4 e5 2. Nf3 Nc6 3. Bc4 Bc5 4. c3 Nf6 5. d4 exd4 6. e5 d5 7. Bb5 Ne4 8. cxd4 Bb4+ 9. Bd2 Nxd2 10. Nbxd2 0-0 11. 0-0 Ne7 12. a3 Ba5 13. Nb3 Bb6 14. Bd3 Nf5 15. Qc2 g6 16. h3 Qe7 17. Rfe1 Be6 18. Rac1 Rae8 19. Qc3 c6 20. Nc5 Bc8 21. b4 Nh4 22. Re3 Nxf3+ 23. Rxf3 f6 1/2-1/2

[Event "Titled Tuesday intern op 17th Jan Early"]
[Site "Chess.com INT"]
[Date "2023.01.17"]
[Round "10"]
[White "Berezin, Viktor1111"]
[Black "Gauri, Shankar"]
[Result "1-0"]
[WhiteElo "2307"]
[BlackElo "2307"]
[PlyCount "93"]
[EventDate "2023.01.17"]
[EventType "swiss (blitz)"]
[EventRounds "11"]
[EventCountry "USA"]
[SourceTitle "CBM 212 Extra"]
[Source "ChessBase"]
[SourceDate "2023.03.31"]
[SourceVersion "1"]
[SourceVersionDate "2023.03.31"]
[SourceQuality "1"]

1. d4 Nf6 2. c4 e6 3. Nf3 b6 4. g3 Bb7 5. Bg2 Bb4+ 6. Bd2 Be7 7. 0-0 c6 8. Nc3 d5 9. Qc2 dxc4 10. e4 b5 11. e5 Nd5 12. Ne4 Na6 13. b3 Nab4 14. Qd1 Nd3 15. bxc4 bxc4 16. Rb1 Ba6 17. Qa4 Bb5 18. Rxb5 cxb5 19. Qxb5+ Qd7 20. Qxc4 N3b4 21. a3 Nc6 22. Bg5 0-0 23. Bxe7 Ncxe7 24. Nc5 Qc7 25. Ng5 Rab8 26. Qd3 g6 27. h4 Rb2 28. h5 Qa5 29. Nge4 Nf5 30. Nd7 Qb5 31. Ndf6+ Nxf6 32. Nxf6+ Kg7 33. Qe4 Qe2 34. Qf4 Qd2 35. Qg4 Rfb8 36. hxg6 hxg6 37. Be4 Rb1 38. Bxb1 Nxd4 39. Be4 Rh8 40. Kg2 Nc2 41. Bxc2 Qxc2 42. Ne4 Rh5 43. Ng5 Qc6+ 44. Qf3 Qc2 45. Qf6+ Kh6 46. Nxf7+ Kh7 47. Qh8# 1-0

[Event "Charlotte CCCSA Summer GM-A"]
[Site "Charlotte"]
[Date "2022.07.26"]
[Round "3"]
[White "Gauri, Shankar"]
[Black "Becerra Rivero, Julio"]
[Result "1/2-1/2"]
[WhiteElo "2376"]
[BlackElo "2465"]
[PlyCount "37"]
[EventDate "2022.07.24"]
[EventType "tourn"]
[EventRounds "9"]
[EventCountry "USA"]
[EventCategory "7"]
[SourceTitle "CBM 209 Extra"]
[Source "ChessBase"]
[SourceDate "2022.09.30"]
[SourceVersion "1"]
[SourceVersionDate "2022.09.30"]
[SourceQuality "1"]

1. c4 g6 2. Nf3 Bg7 3. g3 Nf6 4. Bg2 0-0 5. Nc3 d6 6. 0-0 Nc6 7. d3 e5 8. Rb1 a5 9. a3 h6 10. b4 axb4 11. axb4 Ne7 12. Bb2 Be6 13. Ra1 Qd7 14. Qc2 Bh3 15. Rxa8 Rxa8 16. Ra1 Rxa1+ 17. Bxa1 Bxg2 18. Kxg2 g5 19. Qa2 1/2-1/2

[Event "Charlotte CCCSA Spring GM-B"]
[Site "Charlotte"]
[Date "2022.05.07"]
[Round "7"]
[White "Gauri, Shankar"]
[Black "Tiglon, Bryce"]
[Result "1/2-1/2"]
[WhiteElo "2360"]
[BlackElo "2382"]
[PlyCount "80"]
[EventDate "2022.05.04"]
[EventType "tourn"]
[EventRounds "9"]
[EventCountry "USA"]
[EventCategory "6"]
[SourceTitle "CBM 208 Extra"]
[Source "ChessBase"]
[SourceDate "2022.07.31"]
[SourceVersion "1"]
[SourceVersionDate "2022.07.31"]
[SourceQuality "1"]

1. d4 Nf6 2. Nf3 g6 3. g3 Bg7 4. Bg2 d5 5. c4 c6 6. cxd5 cxd5 7. 0-0 0-0 8. Nc3 Nc6 9. Ne5 Bf5 10. Nxc6 bxc6 11. Bf4 Nh5 12. Be3 c5 13. Nxd5 e6 14. Nf4 cxd4 15. Nxh5 gxh5 16. Bd2 Rb8 17. b4 h4 18. Rc1 hxg3 19. hxg3 e5 20. Qa4 e4 21. Bf4 Rb7 22. Rc5 Bg6 23. Rfc1 Qe7 24. a3 Qe6 25. b5 Rd7 26. Qc4 Rfd8 27. Qxe6 fxe6 28. Bg5 Bf8 29. Bxd8 Bxc5 30. Rxc5 Rxd8 31. Kf1 Kf8 32. Ke1 d3 33. Kd2 dxe2+ 34. Kxe2 Rd3 35. a4 Ra3 36. Rc8+ Ke7 37. Rc7+ Kf6 38. Rxa7 Bh5+ 39. Kd2 Ra2+ 40. Kc3 e3 1/2-1/2